书目信息 |
| 题名: |
天地与我默契
|
|
| 作者: | 吴志翔 著 | |
| 分册: | ||
| 出版信息: | 北京 中国青年出版社 2013.9 |
|
| 页数: | 303页 | |
| 开本: | 23cm | |
| 丛书名: | ||
| 单 册: | ||
| 中图分类: | B244.75 | |
| 科图分类: | ||
| 主题词: | 朱熹--Zhu Xi--(1130-1200)--理学--研究 | |
| 电子资源: | ||
| ISBN: | 978-7-5153-1852-3 | |
| 000 | 00885nam0 22002411 450 | |
| 001 | 349472 | |
| 005 | 20161008155229.87 | |
| 010 | @a978-7-5153-1852-3@dCNY35.00 | |
| 100 | @a20131122d2013 kemy0chiy50 ea | |
| 101 | 0 | @achi |
| 102 | @aCN@b110000 | |
| 105 | @ay v 000yy | |
| 106 | @ar | |
| 200 | 1 | @a天地与我默契@ATian Di Yu Wo Mo Qi@e朱熹理学的美学意蕴@f吴志翔著 |
| 210 | @a北京@c中国青年出版社@d2013.9 | |
| 215 | @a303页@d23cm | |
| 330 | @a本书试图探讨的就是朱熹理学思想的美学意蕴,内容分为四章:天人伦:至诚无间与审美空间;在世间:人生中的醒觉与忧乐;;心性论:理欲圆通的中和之美;理乐论:通往渣滓笑容的和乐。 | |
| 517 | 1 | @a朱熹理学的美学意蕴@AZhu Xi Li Xue De Mei Xue Yi Yun |
| 606 | 0 | @a朱熹@AZhu Xi@f(1130-1200)@x理学@x研究 |
| 690 | @aB244.75@v5 | |
| 701 | 0 | @a吴志翔@AWu Zhi Xiang@f(1970~)@4著 |
| 801 | 0 | @aCN@bTANGWEI@20160730 |
| 905 | @b0885185-9@dB244.75@e61@f5 | |
| 天地与我默契:朱熹理学的美学意蕴/吴志翔著 .-北京:中国青年出版社,2013.9 |
| 303页;23cm |
| ISBN 978-7-5153-1852-3:CNY35.00 |
| 本书试图探讨的就是朱熹理学思想的美学意蕴,内容分为四章:天人伦:至诚无间与审美空间;在世间:人生中的醒觉与忧乐;;心性论:理欲圆通的中和之美;理乐论:通往渣滓笑容的和乐。 |
| ● |
| 相关链接 |
|
|
|
|
正题名:天地与我默契
索取号:B244.75/61
 
预约/预借
| 序号 | 登录号 | 条形码 | 馆藏地/架位号 | 状态 | 备注 |
| 1 | 0885185 | 208851857 | 第一样本阅览室/ [索取号:B244.75/61] | 在馆 | |
| 2 | 0885186 | 208851866 | 第一借阅区/ [索取号:B244.75/61] | 在馆 | |
| 3 | 0885187 | 208851875 | 第一借阅区/ [索取号:B244.75/61] | 在馆 | |
| 4 | 0885188 | 208851884 | 第一借阅区/ [索取号:B244.75/61] | 在馆 | |
| 5 | 0885189 | 208851893 | 第一借阅区/ [索取号:B244.75/61] | 在馆 |